Laboratory exercises in zoology

সংরক্ষণ করুন:
গ্রন্থ-পঞ্জীর বিবরন
প্রধান লেখক: E Lendell Cockrum
বিন্যাস: গ্রন্থ
ভাষা:Undetermined
প্রকাশিত: London W. B. Saunders 1969
বিষয়গুলি:
ট্যাগগুলো: ট্যাগ যুক্ত করুন
কোনো ট্যাগ নেই, প্রথমজন হিসাবে ট্যাগ করুন!
Thư viện lưu trữ: Trung tâm Học liệu Trường Đại học Cần Thơ
LEADER 00550nam a2200181Ia 4500
001 CTU_8970
008 210402s9999 xx 000 0 und d
082 |a 591.076 
082 |b C664 
100 |a E Lendell Cockrum 
245 0 |a Laboratory exercises in zoology 
245 0 |c E Lendell Cockrum, Russell Davis, William J McCauley 
260 |a London 
260 |b W. B. Saunders 
260 |c 1969 
650 |a zoology - study and teaching,zoology, experimental 
904 |i Minh, 960923 
980 |a Trung tâm Học liệu Trường Đại học Cần Thơ